00568nam a2200205Ia 450000500170000000800410001702000240005804000190008204100120010108200140011310000200012724500380014725000420018526000460022730000120027365000300028565100180031570000190033385000100035220231129100920.0131103s9999 xx 000 0 und d a552142395c5.99 pds aLoreto College aEnglish a396b DUR aDurrani,Tehmina aMy Feudal LordcBy Tehmina Durran aAssociate with William Marilyn Hoffer aLondonbCorgi Booksc1995 (1998 printing) a382 p.  aWomen - Social Conditions aWomen Studies aHoffer,William aLCLIB